00326nam a2200109Ia 4500082001700000245001300017100002400030942000700054008004100061999001900102952009500121 aJ 428.6 HUGH 0aCarry me aHughes Monica92869 cBK210817s9999 xx 000 0 und d c246197d246196 00104070aEMIZLbEMIZLd2021-08-18g18.95l0p33228019028230r2021-08-18w2021-08-18yBK